Historia de la literatura americana en lengua española. /
Guardado en:
| Autor Principal: | |
|---|---|
| Formato: | Libro |
| Publicado: |
Buenos Aires :
Nova,
1963
|
| Edición: | 2a. ed. |
| Materias: | |
| Etiquetas: |
Agregar Etiqueta
Sin Etiquetas, Sea el primero en etiquetar este registro!
|
| LEADER | 00800nam a22002295a 4500 | ||
|---|---|---|---|
| 001 | CEM.cems000899 | ||
| 005 | 20060213000000.0 | ||
| 008 | 130507s1963##################000#0#####d | ||
| 003 | CEMS | ||
| 082 | 0 | 4 | |a H860.9 |
| 100 | 1 | |a Bazin, Robert | |
| 245 | 1 | 0 | |a Historia de la literatura americana en lengua española. / |
| 250 | |a 2a. ed. | ||
| 260 | |a Buenos Aires : |b Nova, |c 1963 | ||
| 300 | |a 368 p. | ||
| 653 | |a Literatura | ||
| 653 | |a Literatura hispanoamericana | ||
| 653 | |a Literatura hispanoamericana-hi | ||
| 859 | |a CEMS |b BIB. CEMS - 11 de abril |h H860.9 |i B348A2 |p 13698.75 |t Ej.2 | ||
| 859 | |a CEMS |b BIB. CEMS - 11 de abril |h H860.9 |i B348A2 |p 13699.75 |t Ej.3 | ||
| 859 | |a CEMS |b BIB. CEMS - 11 de abril |h H860.9 |i B348A2 |p 13700.75 |t Ej.4 | ||
| 859 | |a CEMS |b BIB. CEMS - 11 de abril |h H860.9 |i B348A2 |p 3573.75 |t Ej.1 | ||
